[Event "GER-ch U10 Girls"]
[Site "Willingen"]
[Date "2017.06.09"]
[Round "9"]
[White "Claussen, Kim Sophie"]
[Black "Vianden, Ella"]
[Result "0-1"]
[WhiteElo "845"]
[BlackElo "1050"]
[PlyCount "54"]
[EventDate "2017.06.04"]
[EventType "swiss"]
[EventRounds "11"]
[EventCountry "GER"]
[SourceTitle "CBM 178 Extra"]
[Source "ChessBase"]
[SourceDate "2017.06.22"]
[SourceVersion "1"]
[SourceVersionDate "2017.06.22"]
[SourceQuality "1"]

1. e4 e5 2. Bc4 Nf6 3. Nc3 Nxe4 4. Nxe4 d5 5. Qh5 dxc4 6. Qxe5+ Be6 7. Nc5 Nc6 8. Qe4 Bxc5 9. d3 Nd4 10. Kd1 0-0 11. Nh3 Bd5 12. Qe5 b6 13. Re1 Bxg2 14. Re3 Bf3+ 15. Ke1 Nxc2+ 16. Kf1 Nxa1 17. Rxf3 cxd3 18. Rg3 g6 19. Bd2 Bd6 20. Qd4 Bxg3 21. Bc3 Qxd4 22. Bxd4 Rad8 23. Bc3 Be5 24. Bxe5 d2 25. Ke2 d1Q+ 26. Ke3 Rfe8 27. Nf4 Rxe5# 0-1

[Event "GER-ch U10 Girls"]
[Site "Willingen"]
[Date "2017.06.07"]
[Round "6"]
[White "Claussen, Kim Sophie"]
[Black "Truong, Bao Ngoc"]
[Result "1/2-1/2"]
[WhiteElo "845"]
[BlackElo "749"]
[PlyCount "73"]
[EventDate "2017.06.04"]
[EventType "swiss"]
[EventRounds "11"]
[EventCountry "GER"]
[SourceTitle "CBM 178 Extra"]
[Source "ChessBase"]
[SourceDate "2017.06.22"]
[SourceVersion "1"]
[SourceVersionDate "2017.06.22"]
[SourceQuality "1"]

1. e4 c5 2. Bc4 d6 3. Nf3 Nf6 4. Nc3 g6 5. d3 Bg7 6. h3 Nc6 7. Bg5 0-0 8. 0-0 a6 9. Bxf6 Bxf6 10. Nd5 Be6 11. Nxf6+ exf6 12. Bxe6 fxe6 13. Nh4 d5 14. exd5 Qxd5 15. Qf3 Qxf3 16. Nxf3 Rad8 17. Rfe1 Rfe8 18. Re2 Nd4 19. Nxd4 Rxd4 20. c3 Rxd3 21. Re4 Kg7 22. Rc4 Rc8 23. Re1 Rd2 24. Rxe6 Rxb2 25. Re7+ Kh6 26. Re6 Kg7 27. Rce4 Rf8 28. Re7+ Rf7 29. Re2 Rxa2 30. Rxa2 Rxe7 31. Ra5 Re1+ 32. Kh2 Re2 33. Rxc5 Rxf2 34. Rc7+ Kh6 35. Rxb7 Rc2 36. Rb6 Rxc3 37. Rxa6 1/2-1/2

[Event "GER-ch U10 Girls"]
[Site "Willingen"]
[Date "2017.06.04"]
[Round "1"]
[White "Claussen, Kim Sophie"]
[Black "Englert, Lin"]
[Result "0-1"]
[WhiteElo "845"]
[BlackElo "1165"]
[PlyCount "38"]
[EventDate "2017.06.04"]
[EventType "swiss"]
[EventRounds "11"]
[EventCountry "GER"]
[SourceTitle "CBM 178 Extra"]
[Source "ChessBase"]
[SourceDate "2017.06.22"]
[SourceVersion "1"]
[SourceVersionDate "2017.06.22"]
[SourceQuality "1"]

1. e4 e5 2. Bc4 Bc5 3. Nf3 Nc6 4. Nc3 Nf6 5. d3 h6 6. Nd5 Nxd5 7. exd5 Nd4 8. h4 d6 9. Bg5 hxg5 10. Nxg5 Qe7 11. 0-0 Rxh4 12. Qd2 Bd7 13. Qe3 Nxc2 14. Qc1 Nxa1 15. Qxa1 Qxg5 16. Qc1 Qxc1 17. Rxc1 Rf4 18. a4 Bxf2+ 19. Kh1 Rh4# 0-1

[Event "GER-ch U10 Girls"]
[Site "Willingen"]
[Date "2017.06.04"]
[Round "2"]
[White "Hubert, Charlotte"]
[Black "Claussen, Kim Sophie"]
[Result "1-0"]
[WhiteElo "1028"]
[BlackElo "845"]
[PlyCount "37"]
[EventDate "2017.06.04"]
[EventType "swiss"]
[EventRounds "11"]
[EventCountry "GER"]
[SourceTitle "CBM 178 Extra"]
[Source "ChessBase"]
[SourceDate "2017.06.22"]
[SourceVersion "1"]
[SourceVersionDate "2017.06.22"]
[SourceQuality "1"]

1. e4 e5 2. Nf3 Nc6 3. Nc3 Nf6 4. Bc4 Bc5 5. d3 d6 6. h3 h6 7. 0-0 Bg4 8. hxg4 Nxg4 9. Bd2 Rg8 10. Qe2 h5 11. Ng5 f6 12. Bxg8 Ke7 13. Bc4 h4 14. Qxg4 Qf8 15. Qe6+ Kd8 16. Nf7+ Qxf7 17. Qxf7 Rc8 18. Be6 Rb8 19. Qd7# 1-0